000 04341cgm a2200865 i 4500
001 on1343909829
003 OCoLC
005 20231206143434.0
007 vd cvaizk
008 220907s2022 cau104 j vceng d
024 1 _a191329229651
028 4 2 _aSDS1000817869
_bNickelodeon / Paramount
035 _a(OCoLC)1343909829
037 _bMidwest Tape
_nhttp://www.midwesttapes.com
040 _aTEFMT
_beng
_erda
_cTEFMT
_dTEF
_dTP7
_dOCLCF
_dOPW
_dINO
_dRNL
_dWACOL
041 1 _aeng
_afre
_aspa
_heng
049 _aWACL
050 4 _aPN1992.77 .H65 2022
082 0 4 _a791.45/75
_223/eng/20220909
092 _achildrens dvd
_bHoliday
245 0 0 _aHoliday bonanza
246 3 _aNickelodeon Holiday bonanza
246 1 _iAt head of title:
_aNick Jr
257 _aUnited States
_aCanada
_aKorea (South)
264 1 _aHollywood, California :
_bParamount,
_c[2022]
300 _a1 videodisc (104 min.) :
_bsound, color ;
_c4 3/4 in.
336 _atwo-dimensional moving image
337 _avideo
338 _avideodisc
500 _aTitle from disc label.
500 _aOriginally broadcast as single episodes of a television program 2020-2021.
505 0 0 _tA Blue's clues festival of lights
_t(Blue's clues & you!) --
_tA blazing amazing Christmas
_t(Blaze and the monster machines) --
_tChristmas is coming!
_t(Bubble Guppies) --
_tPups save a snowbound cow
_t(PAW patrol) --
_tPups save the marooned mayors
_t(PAW patrol) --
_tSnowball bonanza
_t(Baby Shark's big show!).
520 _aThe holidays are here! Blue celebrates Hanukkah, the festival of lights, at Periwinkle's house. Then, Blaze and his friends help Santa get his sleigh ready for all his deliveries. Next, the Bubble Guppies are on a quest to attend King Grouper's Christmas party. Finally, Baby Shark and his friends attempt to win the annual Snowball Bonanza! Plus, The PAW Patrol rescues a cow in a snowstorm! Season's Greetings!
521 _aRating: Not rated.
521 _achildrens dvd
_bmicromarketing
538 _aDVD; region 1, NTSC; English 5.1 Dolby digital, French & Spanish 2.0 Dolby digital; widescreen.
546 _aEnglish, French or Spanish dialogue; closed-captioned.
630 0 1 _aBlue's clues (Television program)
_vDrama.
_96459624
630 0 7 _aBlue's clues (Television program)
_2fast
650 0 _aHolidays
_vJuvenile drama.
_96458510
650 0 _aPAW Patrol (Fictitious characters)
_vJuvenile drama.
_96445121
650 0 _aDogs
_vJuvenile drama.
_95682267
650 0 _aTrucks
_vJuvenile drama.
_96459620
650 0 _aSharks
_vJuvenile drama.
_96459621
650 0 _aGuppies
_vJuvenile drama.
_96459622
650 0 _aHanukkah
_vJuvenile drama.
_96459623
650 1 _aHolidays
_vDrama.
_95738230
650 1 _aPAW Patrol (Fictitious characters)
_vDrama.
_95772667
650 7 _aHolidays.
_2fast
650 7 _aPAW Patrol (Fictitious characters)
_2fast
_96361846
655 7 _aAnimated television programs.
_2fast
655 7 _aChildren's films.
_2fast
655 7 _aChildren's television programs.
_2fast
655 7 _aJuvenile works.
_2fast
_95673941
655 7 _aTelevision programs.
_2fast
655 7 _aVideo recordings for the hearing impaired.
_2fast
655 7 _aChristmas television programs.
_2lcgft
_95674317
655 7 _aFiction television programs.
_2lcgft
_95673656
655 7 _aAnimated television programs.
_2lcgft
655 7 _aComputer animation television programs.
_2lcgft
_95731427
655 7 _aLive-action/animation television programs.
_2lcgft
_95882040
655 7 _aChildren's television programs.
_2lcgft
655 7 _aVideo recordings for the hearing impaired.
_2lcgft
710 2 _aNickelodeon (Firm),
_ebroadcaster.
_918033
710 2 _aParamount Home Entertainment (Firm),
_epublisher.
_972161
730 0 2 _aHoliday bonanza (Television program)
_96459625
730 0 2 _aHoliday bonanza (Television program).
_lFrench.
_96459626
730 0 2 _aHoliday bonanza (Television program).
_lSpanish.
_96459627
730 0 _aBlue's clues & you! (Television program)
_96424813
730 0 _aBlaze and the monster machines (Television program)
730 0 _aBubble Guppies (Television program)
730 0 _aPAW patrol (Television program)
_95712321
730 0 _aBaby Shark's big show! (Television program)
_96459628
942 _2ddc
_cDVD
999 _c379610
_d379610